000
00220nam a22000857a 4500
999
_c
4617
_d
4617
008
161206b xxu||||| |||| 00| 0 eng d
100
_9
1871
_a
Aksakov. S
245
_a
The Little Scarlet Flower
260
_a
Moscow
_b
Progress
_c
1976